| 000 | 00409cam a2200157ua 4500 | ||
|---|---|---|---|
| 041 |
_aeng _h |
||
| 082 |
_a620.1127 _bLAM/PR |
||
| 100 | _aLamble, J H . | ||
| 245 |
_aPrinciples and practice of non-destructive testing / _cJ H Lamble. _hTextual Documents |
||
| 250 |
_a1 / _b. |
||
| 260 |
_aLondon : _bHeywood and co. ltd , _c1962. |
||
| 300 | _a238 ; . | ||
| 504 | _a | ||
| 942 | _cBK | ||
| 999 |
_c8908 _d8908 |
||